000
00395nam a22001697a 4500
003
MPLRDC
005
20220104114129.0
008
210129b ||||| |||| 00| 0 eng d
082
_a
782.861 YQ
100
_a
孙高亮
245
_a
于谦全传
_c
250
_a
一版一刷
260
_a
_b
浙江人民出版社
_c
1981
300
_b
平
650
_a
于谦传记
942
_c
BK
_o
782.861 YQ
999
_c
5057
_d
5047